Statistics for Modern Countries by Most Famous Historical Event

Click here to take the quiz!

General Stats

  • This quiz has been taken 51 times
  • The average score is 10 of 15

Answer Stats

HintAnswer% Correct
Construction of the Pyramids of GizaEgypt
100%
Fall of the Berlin WallGermany
100%
Bolshevik RevolutionRussia
98%
Building of the Great WallChina
96%
Rise of the Mayans
Mexico
96%
Bombing of Pearl HarborUSA
89%
Apartheid system is abolishedSouth Africa
87%
Al-Qaeda leader, Osama Bin Laden, killedPakistan
76%
Civil war begins in 2011Syria
65%
First battle of ÖlandDenmark
59%
Woman writes first known novelJapan
59%
Battle of LechfeldHungary
35%
10 year civil war lead by the Maoist PartyNepal
30%
The arrival of the TiwanakuBolivia
26%
The Liberating WarUkraine
22%

Score Distribution

Percentile by Number Answered

Percent of People with Each Score

Your Score History

You have not taken this quiz